00354 2200145 4500001002100000005001500021035002000036082000800056084001400064100002100078245004100099260004500140300001100185990001200196INLIS00000000000162320250425085101 a0010-0425000039 a2X0 a2X0 K.H p0 aK.H.Imam Zarkasy1 aPelajaran Tajwid /cK.H.Imam Zarkasy aGontor Ponorogo :bTrimurti Press,c1995 a33 hlm a0754708